00985nam a22002537a 450000500170000001000130001702000220003003500130005203700160006504000120008108200180009310000250011124500590013626000380019527000740023330000330030749000370034050000510037765000350042865000320046394200270049599900190052295201900054120170124110133.0 aA-608662 c00.00a8185427135 aA-608662 bCen Lib/Ret aDPLbEN a658.3124bRAM aRamaswami, N.916439 aA handbook of training & development /cby N.Ramaswami aMadrasbT.R. Publications c1992 a57, South Usman Road PMG Complex, IInd Floor T.NagarbMadrase600 017 axvii,156p. :c19cm(Hb)bill. aHuman resource management series aIncludes bibliographical references and index  aImportance of training9102454 aMethods of training9102455 2ddccENh658.3124mRAM c131684d131684 04104070aLbLd2015-07-15eCen Lib/Retg0.00l0o658.3124 RAMpA-608662r2015-07-15 00:00:00t1v0.00w2015-07-15yENzWritten off on approval by DLB (By Circulation); dtd 15-06-2023